Tick, tick, tick (Record no. 80075)
[ view plain ]
| 000 -LEADER | |
|---|---|
| fixed length control field | 00900cab a22002055a 4500 |
| 001 - CONTROL NUMBER | |
| control field | L143160 |
| 008 - FIXED-LENGTH DATA ELEMENTS--GENERAL INFORMATION | |
| fixed length control field | 080414e20080404xxk f 000 0 eng d |
| 035 ## - SYSTEM CONTROL NUMBER | |
| System control number | (Sirsi) u143160 |
| 041 0# - LANGUAGE CODE | |
| Language code of text/sound track or separate title | eng |
| 100 1# - MAIN ENTRY--PERSONAL NAME | |
| Personal name | Leftly, Mark |
| 245 00 - TITLE STATEMENT | |
| Title | Tick, tick, tick |
| 260 ## - PUBLICATION, DISTRIBUTION, ETC. | |
| Date of publication, distribution, etc. | 2008 |
| 490 #0 - SERIES STATEMENT | |
| Series statement | Building |
| Volume/sequential designation | 273(8523) 4 April 2008, 28-29(2) |
| 520 ## - SUMMARY, ETC. | |
| Summary, etc. | Discusses the implications for PFI when government departments are required to adopt international accounting standards in 2009-10. The new guidelines will see billions of pounds of PFI projects appearing on the public sector balance sheet, thus threatening government's sustainable investment rule and jeopardising future PFI projects. Considers possible solutions to this problem, including the transfer of risk to the private sector. |
| 590 ## - LOCAL NOTE (RLIN) | |
| Local note | KA |
| 650 24 - SUBJECT ADDED ENTRY--TOPICAL TERM | |
| Topical term or geographic name entry element | PFI |
| 651 #4 - SUBJECT ADDED ENTRY--GEOGRAPHIC NAME | |
| Geographic name | United Kingdom |
| Chronological subdivision | |
| 690 ## - LOCAL SUBJECT ADDED ENTRY--TOPICAL TERM (OCLC, RLIN) | |
| Topical term or geographic name as entry element | Procurement |
| 9 (RLIN) | 6260 |
| 942 ## - ADDED ENTRY ELEMENTS (KOHA) | |
| Suppress in OPAC | 0 |
| Withdrawn status | Lost status | Source of classification or shelving scheme | Damaged status | Not for loan | Home library | Current library | Shelving location | Date acquired | Total Checkouts | Full call number | Barcode | Date last seen | Copy number | Price effective from | Koha item type |
|---|---|---|---|---|---|---|---|---|---|---|---|---|---|---|---|
| Dewey Decimal Classification | London | London | Journal article | 14/04/2008 | L143160 | 143160-1001 | 06/08/2019 | 1 | 06/08/2019 | Journal article |